• 首页
  • 本馆介绍
  • 公告通知
  • 最新文献
  • 馆藏检索
  • 电子资源
  • 读者导购
  • 参考咨询
  • 我的图书馆
  • 登录
  • 详细信息显示
  • 放入我的书架
  • 预约/预借图书
  • 作者相关作品
  • 分类相关作品
  • 丛书相关作品
  • 出版社相关作品

书目信息

  • 表格格式
  • 工作单格式
  • 卡片格式
题名:
中华人民共和国刑法
    
 
作者: ;全国人大常委会办公厅 供稿
分册:  
出版信息: 北京   中国民主法治出版社  2024.01
页数: 267页
开本: 20cm
丛书名:
单 册:
中图分类: D924
科图分类:
主题词: 法律--中国
电子资源:
ISBN: 7-5162-3493-1
000 00684nam0 2200193 450
001 2631561438
005 20260414084927.41
010    @a7-5162-3493-1@dCNY36.00
100    @a20260414d2024 km y0chiy0120 ea
101 0  @achi
102    @aCN@b110000
200 1  @a中华人民共和国刑法@AZhong Hua Ren Min Gong He Guo Xing Fa@f全国人大常委会办公厅供稿@FQuan Guo Ren Da Chang Wei Hui Ban Gong Ting Gong Gao
210    @a北京@c中国民主法治出版社@d2024.01
215    @a267页@d20cm
606 0  @a法律@x中国
690    @aD924@v4
711 02 @a全国人大常委会办公厅@AQuan Guo Ren Da Chang Wei Hui Ban Gong Ting@4供稿
801  0 @aCN@b大连网信软件有限公司图书馆·11@c20260414
905    @aZUCC@dD924@e1050
    
    中华人民共和国刑法/全国人大常委会办公厅供稿.-北京:中国民主法治出版社,2024.01
    267页;20cm
    
    
    ISBN 7-5162-3493-1:CNY36.00
    
●
相关链接 在E读中查询图书 在五车中查询图书 在当当中查询图书 在豆瓣中查询图书


正题名:中华人民共和国刑法     索取号:D924/1050         预约/预借

序号 登录号 条形码 馆藏地/架位号 状态 备注
1 1442714   214427146   第一样本阅览室/ [索取号:D924/1050] 在馆    
唐山师范学院图书馆 欢迎您!
大连网信软件有限公司© 版权所有